[Event "Druzynowe Mistrzostwa Polski - Ekstraliga 2023"]
[Site "Lublin"]
[Date "1899-12-30"]
[Round "1.1"]
[White "Volokitin, Andrei"]
[Black "Wojtaszek, Radoslaw"]
[Result "1-0"]
[WhiteTitle "GM"]
[BlackTitle "GM"]
[WhiteElo "2659"]
[BlackElo "2675"]

1. e4 e5 2. Nf3 Nc6 3. Bc4 Nf6 4. d3 Bc5 5. O-O d6 6. c3 a5 7. Re1 Ba7 8. Na3 O-O
9. h3 Ne7 10. d4 Ng6 11. Be3 c6 12. Bf1 Qc7 13. Nc4 Nxe4 14. dxe5 Bxe3 15. Rxe3
d5 16. Qd4 Rb8 17. Qb6 Qxb6 18. Nxb6 Nc5 19. c4 Nd7 20. Nxd7 Bxd7 21. cxd5 cxd5
22. Rd1 Ne7 23. Nd4 Be6 24. Bb5 Rfd8 25. Ra3 b6 26. Rc3 Rdc8 27. Rxc8+ Bxc8 28.
f4 h5 29. Rc1 Kf8 30. Bd3 g6 31. Kf2 Bd7 32. Rc7 Ke8 33. Kg3 Kd8 34. Rc3 a4 35.
Kh4 b5 36. Kg5 Rb6 37. Rc5 b4 38. Ra5 b3 39. Ra8+ Kc7 40. a3 Nc6 41. Nb5+ Kb7
42. Rxa4 Kb8 43. Nc3 Nxe5 44. fxe5 Bxa4 45. Nxa4 Rc6 46. Nc3 Kb7 47. Kf4 f6 48.
exf6 Rxf6+ 49. Ke3 Kc6 50. Ne2 Re6+ 51. Kd4 g5 52. Kc3 Rf6 53. Nd4+ Kd6 54. Nf5+
Ke5 55. Kxb3 Rc6 56. a4 Rc1 57. a5 Rd1 58. Kc3 Rc1+ 59. Kb4 Rd1 60. a6 1-0

[Event "Druzynowe Mistrzostwa Polski - Ekstraliga 2023"]
[Site "Lublin"]
[Date "1899-12-30"]
[Round "1.2"]
[White "Abasov, Nijat"]
[Black "Lagarde, Maxime"]
[Result "1/2-1/2"]
[WhiteTitle "GM"]
[BlackTitle "GM"]
[WhiteElo "2677"]
[BlackElo "2607"]

1. d4 Nf6 2. c4 g6 3. g3 Bg7 4. Bg2 O-O 5. Nc3 d6 6. Nf3 c5 7. O-O Nc6 8. d5 Na5
9. Nd2 e6 10. Rb1 exd5 11. cxd5 Bf5 12. e4 Bd7 13. b3 b5 14. Qc2 Rc8 15. Bb2 Re8
16. Rbe1 Qb6 17. h3 b4 18. Nd1 Bb5 19. Ne3 Bxf1 20. Bxf1 c4 21. Bxc4 Nxc4 22.
Nexc4 Qc5 23. Nf3 Nd7 24. Bxg7 Kxg7 25. Qb2+ Kg8 26. Qd4 Ne5 27. Ncxe5 dxe5 28.
Qd3 Qb6 29. Kg2 Rc3 30. Qe2 Qc5 31. Rd1 Rc2 32. Rd2 Rxd2 33. Nxd2 Kg7 34. Nc4
Qd4 35. Na5 f6 36. Nc6 Qb6 37. h4 h5 38. g4 Rh8 39. g5 fxg5 40. Qb2 Re8 41. hxg5
Qc5 42. Qe2 Qc3 43. Qe3 Rf8 44. Qxa7+ Kh8 45. Qe3 Rf4 46. Ne7 Kh7 47. Nf5 gxf5
48. Qa7+ Kg8 49. Qb8+ Kg7 50. Qb7+ Kf8 51. Qb8+ Ke7 52. Qb7+ Kd8 53. Qb8+ Kd7
54. Qb5+ Kc7 55. Qa5+ Kc8 56. Qa6+ Kd8 57. Qd6+ Kc8 58. Qa6+ Kd8 1/2-1/2

[Event "Druzynowe Mistrzostwa Polski - Ekstraliga 2023"]
[Site "Lublin"]
[Date "1899-12-30"]
[Round "1.3"]
[White "Zilka, Stepan"]
[Black "Kollars, Dmitrij"]
[Result "1/2-1/2"]
[WhiteTitle "GM"]
[BlackTitle "GM"]
[WhiteElo "2600"]
[BlackElo "2641"]

1. e4 e5 2. Nf3 Nc6 3. Bb5 a6 4. Ba4 Nf6 5. O-O Be7 6. Re1 b5 7. Bb3 O-O 8. a4
b4 9. d4 d6 10. dxe5 Nxe5 11. Nxe5 dxe5 12. Nd2 Bc5 13. Qf3 Qe7 14. Nf1 a5 15.
h3 Rd8 16. Be3 Bxe3 17. Nxe3 g6 18. Bd5 Ra6 19. Rad1 Kg7 20. Bc4 Rad6 21. Nd5
Nxd5 22. exd5 Qg5 23. Qe3 Qxe3 24. Rxe3 c6 25. Rxe5 Be6 26. Rd4 Kf6 27. Re3 Bxd5
28. Rf4+ Kg5 29. Rg4+ Kf6 30. Rf4+ Kg5 31. Rg4+ Kf6 1/2-1/2

[Event "Druzynowe Mistrzostwa Polski - Ekstraliga 2023"]
[Site "Lublin"]
[Date "1899-12-30"]
[Round "1.4"]
[White "Teclaf, Pawel"]
[Black "Moranda, Wojciech"]
[Result "1/2-1/2"]
[WhiteTitle "GM"]
[BlackTitle "GM"]
[WhiteElo "2586"]
[BlackElo "2561"]

1. g3 d5 2. Nf3 Bg4 3. Bg2 c6 4. O-O Nd7 5. h3 Bh5 6. d4 e6 7. c4 Ngf6 8. cxd5
exd5 9. Nh4 Be7 10. Qb3 Qb6 11. Qe3 Bg6 12. Nc3 Nf8 13. f4 Bc2 14. Qd2 Be4 15.
Bxe4 Nxe4 16. Nxe4 dxe4 17. Nf5 Ne6 18. e3 g6 19. Nxe7 Kxe7 20. b3 Rhd8 21. g4
Rd5 22. Qf2 Kd7 23. Bb2 h5 24. Qg2 Re8 25. Rf2 Qd8 26. Bc3 hxg4 27. hxg4 Qh4 28.
Be1 f5 29. gxf5 gxf5 30. Qg6 1/2-1/2

[Event "Druzynowe Mistrzostwa Polski - Ekstraliga 2023"]
[Site "Lublin"]
[Date "1899-12-30"]
[Round "1.5"]
[White "Plat, Vojtech"]
[Black "Heberla, Bartlomiej"]
[Result "1-0"]
[WhiteTitle "GM"]
[BlackTitle "GM"]
[WhiteElo "2476"]
[BlackElo "2552"]

1. c4 e6 2. d4 d5 3. Nc3 Nf6 4. cxd5 exd5 5. Bg5 c6 6. e3 h6 7. Bh4 Be7 8. Bd3
O-O 9. Nge2 Ne8 10. Bg3 Bd6 11. Nf4 Nc7 12. O-O Ne6 13. Nce2 Re8 14. Bc2 Nxf4
15. Bxf4 Bxf4 16. Nxf4 Nd7 17. b4 Nf8 18. Rb1 Qd6 19. b5 Bd7 20. bxc6 bxc6 21.
Qd2 Rec8 22. Qa5 c5 23. Qa3 Rc6 24. dxc5 Qxc5 25. Qxc5 Rxc5 26. Bb3 Be6 27. Rbc1
Rxc1 28. Rxc1 d4 29. exd4 Bxb3 30. axb3 Rb8 31. Rc3 a5 32. f3 Rb4 33. Ne2 a4 34.
bxa4 Rxa4 35. Rc8 g6 36. d5 Kg7 37. Kf2 Nd7 38. Nc3 Ra3 39. d6 Nf6 40. Ke2 Ra7
41. Kd3 Ra1 42. Rc7 Ra6 43. Nb5 Ra1 44. Rc2 Rd1+ 45. Kc4 Nd7 46. Re2 Kf6 47. Nc3
Rc1 48. Kd4 Nf8 49. Re8 Kg7 50. Re7 Rc2 51. Re2 Rc1 52. g3 Ra1 53. Rd2 Kf6 54.
Kd5 Ra5+ 55. Kc6 Ra6+ 56. Kb5 Ra3 57. Kb4 Ra7 58. Ne4+ Kg7 59. Nc5 Ra8 60. d7
1-0

[Event "Druzynowe Mistrzostwa Polski - Ekstraliga 2023"]
[Site "Lublin"]
[Date "1899-12-30"]
[Round "1.6"]
[White "Kiolbasa, Oliwia"]
[Black "Javakhishvili, Lela"]
[Result "1/2-1/2"]
[WhiteTitle "IM"]
[BlackTitle "IM"]
[WhiteElo "2387"]
[BlackElo "2446"]

1. e4 e5 2. Nf3 Nc6 3. d4 exd4 4. Nxd4 Nf6 5. Nxc6 bxc6 6. e5 Qe7 7. Qe2 Nd5 8.
h4 f6 9. c4 Nb6 10. exf6 gxf6 11. Bf4 Ba6 12. Nd2 O-O-O 13. Qxe7 Bxe7 14. O-O-O
Bb4 15. b3 d5 16. cxd5 Bxf1 17. Nxf1 Nxd5 18. Bd2 Ba3+ 19. Kc2 Rhg8 20. Ne3 Nxe3+
21. Bxe3 Rxd1 22. Kxd1 Rxg2 23. h5 Bd6 24. Rh4 c5 25. Ke2 Rg1 26. Kf3 f5 27. Rc4
Rh1 28. Bxc5 Be5 29. Bxa7 Rh3+ 30. Kg2 Rh2+ 31. Kf3 Rh3+ 32. Kg2 Rh2+ 33. Kg1
Rxh5 34. Be3 Bd6 35. a4 Kb7 36. Kg2 Rh2+ 37. Kg1 Rh5 38. Kg2 Rh2+ 39. Kg1 1/2-1/2

[Event "Druzynowe Mistrzostwa Polski - Ekstraliga 2023"]
[Site "Lublin"]
[Date "1899-12-30"]
[Round "1.7"]
[White "Bjerre, Jonas Buhl"]
[Black "Ivanchuk, Vasyl"]
[Result "1/2-1/2"]
[WhiteTitle "GM"]
[BlackTitle "GM"]
[WhiteElo "2627"]
[BlackElo "2664"]

1. Nf3 c5 2. c4 g6 3. e4 Nc6 4. d4 cxd4 5. Nxd4 Nf6 6. Nc3 d6 7. Be2 Nxd4 8. Qxd4
Bg7 9. Be3 O-O 10. Qd3 a5 11. O-O a4 12. Bd4 Qa5 13. f4 Be6 14. f5 Bd7 15. c5
Bc6 16. cxd6 exd6 17. Rf2 Rae8 18. fxg6 fxg6 19. Raf1 Qd8 20. Qh3 h5 21. Bc4+
Kh7 22. Qh4 Ng4 23. Qxd8 Rxd8 24. Rf7 Rxf7 25. Rxf7 Ne5 26. Bxe5 dxe5 27. Bd5
Rd7 28. Rxd7 Bxd7 29. Bxb7 Bh6 30. Ba6 Bc1 31. b4 axb3 32. axb3 Bb2 33. Nd5 Bc6
34. Kf2 Kg7 35. Bc4 Bd4+ 36. Ke2 Bxd5 37. exd5 e4 38. d6 g5 39. Bd5 Kf6 40. Bxe4
Ke6 41. Kd3 Bg1 42. h3 Kxd6 43. Bf3 h4 44. Ke4 Kc5 45. Kf5 Be3 46. Ke4 1/2-1/2

[Event "Druzynowe Mistrzostwa Polski - Ekstraliga 2023"]
[Site "Lublin"]
[Date "1899-12-30"]
[Round "1.8"]
[White "Oleksiyenko, Mykhaylo"]
[Black "Andersen, Mads"]
[Result "0-1"]
[WhiteTitle "GM"]
[BlackTitle "GM"]
[WhiteElo "2587"]
[BlackElo "2614"]

1. e4 e5 2. Nf3 Nc6 3. Bc4 Bc5 4. d3 Nf6 5. Nc3 a6 6. Be3 d6 7. Bxc5 dxc5 8. h3
Qd6 9. O-O O-O 10. a4 b6 11. Nd5 Rb8 12. Ne3 b5 13. Ba2 Nd4 14. Nd2 g6 15. Nd5
Nh5 16. Re1 c6 17. Ne3 Nf4 18. axb5 axb5 19. Bb1 h5 20. Ra7 Qf6 21. c3 Nde6 22.
Nf3 Rd8 23. c4 b4 24. b3 Nd4 25. Nh2 Bxh3 26. gxh3 Nxh3+ 27. Kg2 Qxf2+ 28. Kxh3
Ne6 29. Ng2 Ng5# 0-1

[Event "Druzynowe Mistrzostwa Polski - Ekstraliga 2023"]
[Site "Lublin"]
[Date "1899-12-30"]
[Round "1.9"]
[White "Nasuta, Grzegorz"]
[Black "Galperin, Platon"]
[Result "1/2-1/2"]
[WhiteTitle "GM"]
[BlackTitle "GM"]
[WhiteElo "2579"]
[BlackElo "2571"]

1. e4 c5 2. Nf3 e6 3. d4 cxd4 4. Nxd4 Nc6 5. Nc3 a6 6. Nxc6 bxc6 7. Bd3 d5 8. O-O
Nf6 9. Qf3 Be7 10. e5 Nd7 11. Qg3 Kf8 12. Ne2 Nc5 13. Nf4 Nxd3 14. cxd3 c5 15.
Nh5 Rg8 16. Bd2 Bd7 17. d4 cxd4 18. Nf6 Rh8 19. Nh5 Rg8 20. Nf6 Rh8 21. Nh5 Rg8
1/2-1/2

[Event "Druzynowe Mistrzostwa Polski - Ekstraliga 2023"]
[Site "Lublin"]
[Date "1899-12-30"]
[Round "1.10"]
[White "Samunenkov, Ihor"]
[Black "Kempinski, Robert"]
[Result "0-1"]
[WhiteTitle "IM"]
[BlackTitle "GM"]
[WhiteElo "2517"]
[BlackElo "2550"]

1. e4 c5 2. Nf3 d6 3. d4 cxd4 4. Nxd4 Nf6 5. Nc3 a6 6. h3 e5 7. Nde2 h5 8. g3 Be7
9. Bg2 b5 10. Nd5 Nxd5 11. Qxd5 Ra7 12. Be3 Rb7 13. g4 Bg5 14. Bxg5 Qxg5 15. Ng3
Rb6 16. gxh5 Be6 17. Qd2 Qxd2+ 18. Kxd2 Nd7 19. Rae1 Nf6 20. Bf3 b4 21. Kc1 Ke7
22. Kb1 a5 23. h4 Rc6 24. Rhg1 Rhc8 25. Re2 a4 26. Rd1 a3 27. b3 Rc3 28. Rd3 Rxd3
29. cxd3 Rc3 30. Re3 Ng4 31. Bxg4 Bxg4 32. f3 Bd7 33. Ne2 Rc8 34. d4 Bb5 35. d5
g6 36. hxg6 fxg6 37. Ng3 Rh8 38. h5 gxh5 39. Nf5+ Kd7 40. Re1 h4 41. Kc2 h3 42.
Kd2 Rg8 43. Nh4 Ke7 44. Nf5+ Kf6 45. Ne3 Rg3 46. Ng4+ Kg5 47. Ke3 Rg2 48. Nf2
h2 49. Rc1 Bd7 50. Rh1 Kh4 51. Nd3 Bb5 52. Nf2 Kg3 53. Kd4 0-1

[Event "Druzynowe Mistrzostwa Polski - Ekstraliga 2023"]
[Site "Lublin"]
[Date "1899-12-30"]
[Round "1.11"]
[White "Bobras, Piotr"]
[Black "Kosakowski, Jakub"]
[Result "0-1"]
[WhiteTitle "GM"]
[BlackTitle "IM"]
[WhiteElo "2463"]
[BlackElo "2494"]

1. d4 Nf6 2. c4 e6 3. Nc3 Bb4 4. e3 O-O 5. Bd3 d5 6. a3 Bxc3+ 7. bxc3 dxc4 8. Bxc4
c5 9. Nf3 Qc7 10. Be2 b6 11. O-O Bb7 12. Bb2 Nbd7 13. c4 Rfd8 14. a4 Rac8 15.
Nd2 Nb8 16. d5 exd5 17. Bxf6 gxf6 18. Bg4 Nd7 19. Bf5 Rb8 20. Qg4+ Kf8 21. f4
dxc4 22. Nxc4 Ke7 23. e4 Rg8 24. Qh4 Nf8 25. Ne3 Ng6 26. Qh6 Rbd8 27. Rae1 c4
28. Kh1 Qc5 29. h4 Kd6 30. h5 Ne7 31. Bh3 Kc7 32. Qxf6 Bxe4 33. Nxc4 Bxg2+ 34.
Kh2 Bxh3 35. Qxe7+ Qxe7 36. Rxe7+ Rd7 37. Rxd7+ Bxd7 38. a5 bxa5 39. Rc1 Be6 40.
Nxa5+ Kb6 41. Nc4+ Bxc4 42. Rxc4 a5 43. Kh3 Ra8 44. Kg4 a4 45. Rc1 Ra5 46. h6
a3 47. Rb1+ Ka6 48. Ra1 a2 49. Kh4 Kb6 50. Kg4 Kc6 51. Kg3 Kd5 52. Kh4 Kc4 53.
f5 f6 0-1

[Event "Druzynowe Mistrzostwa Polski - Ekstraliga 2023"]
[Site "Lublin"]
[Date "1899-12-30"]
[Round "1.12"]
[White "Maltsevskaya, Aleksandra"]
[Black "Cyfka, Karina"]
[Result "1-0"]
[WhiteTitle "IM"]
[BlackTitle "IM"]
[WhiteElo "2386"]
[BlackElo "2351"]

1. d4 Nf6 2. c4 e6 3. Nf3 Bb4+ 4. Bd2 Qe7 5. g3 Nc6 6. Bg2 Bxd2+ 7. Qxd2 Ne4 8.
Qc2 Qb4+ 9. Kf1 d5 10. cxd5 exd5 11. Nc3 Nxc3 12. bxc3 Qd6 13. e4 dxe4 14. Qxe4+
Qe7 15. Re1 Qxe4 16. Rxe4+ Ne7 17. Ke2 Be6 18. Re1 O-O 19. Ng5 Bc4+ 20. Kd2 Nf5
21. Re5 Nd6 22. Ne4 a5 23. Rc5 Bxa2 24. Rxc7 Nc4+ 25. Kd3 b5 26. Ra1 Bb3 27. Nc5
Nb2+ 28. Kd2 Nc4+ 29. Kc1 Rae8 30. Nxb3 a4 31. Rxc4 bxc4 32. Nc5 Re2 33. Rxa4
Rxf2 34. Bc6 Rxh2 35. d5 Rh1+ 36. Kd2 Rb8 37. d6 Rb2+ 38. Ke3 Re1+ 39. Kd4 g5
40. d7 Rd2+ 41. Kxc4 Red1 42. Ne4 Rd3 43. Bd5 1-0

[Event "Druzynowe Mistrzostwa Polski - Ekstraliga 2023"]
[Site "Lublin"]
[Date "1899-12-30"]
[Round "1.13"]
[White "Navara, David"]
[Black "Bluebaum, Matthias"]
[Result "1/2-1/2"]
[WhiteTitle "GM"]
[BlackTitle "GM"]
[WhiteElo "2688"]
[BlackElo "2670"]

1. d4 Nf6 2. c4 e6 3. Nf3 d5 4. Nc3 Be7 5. g3 O-O 6. Bg2 c6 7. O-O a5 8. Ne5 Nfd7
9. Be3 Nxe5 10. dxe5 b6 11. f4 Nd7 12. Rc1 Ba6 13. cxd5 cxd5 14. Bd4 Rc8 15. Rf2
Nc5 16. f5 exf5 17. Nxd5 Bb7 18. Nxe7+ Qxe7 19. Bxc5 bxc5 20. Qd6 Qxd6 21. exd6
Bxg2 22. Kxg2 g6 23. Rf4 Rfd8 24. Rfc4 Rxd6 25. Rxc5 Rxc5 26. Rxc5 Rd2 27. Kf2
Rxb2 28. Rxa5 Kg7 29. a4 Ra2 30. Ra6 g5 31. h4 f4 32. hxg5 fxg3+ 33. Kxg3 Rxe2
34. a5 Re4 35. Kf3 Ra4 36. Kg3 1/2-1/2

[Event "Druzynowe Mistrzostwa Polski - Ekstraliga 2023"]
[Site "Lublin"]
[Date "1899-12-30"]
[Round "1.14"]
[White "Donchenko, Alexander"]
[Black "Tari, Aryan"]
[Result "1/2-1/2"]
[WhiteTitle "GM"]
[BlackTitle "GM"]
[WhiteElo "2679"]
[BlackElo "2635"]

1. d4 Nf6 2. c4 g6 3. Nc3 d5 4. cxd5 Nxd5 5. Na4 e5 6. dxe5 Nc6 7. a3 Nxe5 8. e4
Nb6 9. Qxd8+ Kxd8 10. Nc3 c6 11. Bg5+ Be7 12. O-O-O Ke8 13. Be3 f6 14. h3 g5 15.
Be2 h5 16. Nf3 Nxf3 17. gxf3 h4 18. f4 gxf4 19. Bxf4 Kf7 20. Bg4 Bc5 21. f3 Be6
22. Ne2 Bb3 23. Rd3 Bc4 24. Rd2 Rad8 25. Rhd1 Rxd2 26. Rxd2 Bxe2 27. Rxe2 Nc4
28. Kc2 Ke7 29. Bc1 Ne5 30. Rg2 Rg8 31. Kc3 Rd8 32. Rd2 Rg8 33. Rg2 Rd8 34. Bf5
Rd3+ 35. Kc2 Rxf3 36. Rg7+ Kd6 37. Rxb7 Nc4 38. Rb3 Ne3+ 39. Bxe3 Rxe3 1/2-1/2

[Event "Druzynowe Mistrzostwa Polski - Ekstraliga 2023"]
[Site "Lublin"]
[Date "1899-12-30"]
[Round "1.15"]
[White "Piorun, Kacper"]
[Black "Huschenbeth, Niclas"]
[Result "1/2-1/2"]
[WhiteTitle "GM"]
[BlackTitle "GM"]
[WhiteElo "2594"]
[BlackElo "2607"]

1. d4 Nf6 2. c4 e6 3. Nf3 d5 4. g3 Be7 5. Bg2 O-O 6. O-O dxc4 7. Qc2 b5 8. a4 Bb7
9. axb5 a6 10. bxa6 Nxa6 11. Qxc4 Bd5 12. Qc3 c5 13. Be3 Ne4 14. Qe1 Nb4 15. Rxa8
Qxa8 16. Nc3 Nxc3 17. bxc3 Nc2 18. Qd2 Nxe3 19. Qxe3 cxd4 20. cxd4 Bf6 21. Qf4
Qb8 22. Qxb8 Rxb8 23. e3 Bxf3 24. Bxf3 g6 25. Rc1 h5 26. Rc7 Re8 27. Bc6 Rd8 28.
Kg2 Kf8 29. Rb7 Rd6 30. Ba4 Bd8 31. Rb8 Kg7 32. h3 Be7 33. Bb5 Rd8 34. Rb7 Kf8
35. Kf3 Bd6 36. Bd3 Rc8 37. Rd7 Be7 38. Ke2 Ra8 39. Bb1 Ra1 40. Rb7 Ra4 41. Rb8+
Kg7 42. Re8 Bf6 43. Rc8 Ra7 44. f4 Rb7 45. Bc2 Ra7 46. g4 hxg4 47. hxg4 Rd7 48.
Be4 Be7 49. Bd3 Bf6 50. Rc5 Be7 51. Rb5 Bf6 52. Bc2 Be7 53. Kd3 Bf6 54. Bb3 Be7
55. Bc4 Bf6 56. Ke4 Rc7 57. Bb3 Rd7 58. Rb4 Be7 59. Rb6 Rd6 60. Rb7 Kf8 61. Bc4
Rc6 62. Kd3 Rd6 63. Bb3 Bf6 64. Ke4 Be7 65. Kf3 Bf6 66. Ra7 Be7 67. Ba2 Rd8 68.
Ke4 Rd6 69. Kd3 Rd8 70. Bb3 Rb8 71. Bc4 Rd8 72. Ke4 Rc8 73. Ba2 Rc6 74. Ke5 Rb6
75. Bc4 Rc6 76. Bb5 Rd6 77. Rb7 Rd5+ 78. Ke4 Rd8 79. Bc6 Rd6 80. Rc7 Rd8 81. Rb7
Rd6 82. d5 exd5+ 83. Bxd5 Ra6 84. f5 gxf5+ 85. gxf5 Ra4+ 86. Kf3 Rb4 87. Ra7 f6
88. e4 Rb1 89. Ke2 Rb6 90. Kd3 Ke8 91. Kd4 Bd6 92. Bc4 Be5+ 93. Kc5 Rb1 94. Bd3
Rd1 95. Ra3 Ke7 96. Kc6 Rc1+ 97. Kd5 Rc5+ 98. Kxc5 Bd6+ 99. Kd5 Bxa3 1/2-1/2

[Event "Druzynowe Mistrzostwa Polski - Ekstraliga 2023"]
[Site "Lublin"]
[Date "1899-12-30"]
[Round "1.16"]
[White "Fedorchuk, Sergey A."]
[Black "Socko, Bartosz"]
[Result "1/2-1/2"]
[WhiteTitle "GM"]
[BlackTitle "GM"]
[WhiteElo "2578"]
[BlackElo "2538"]

1. e4 e5 2. Bc4 Nf6 3. Nc3 Bb4 4. Nf3 d6 5. O-O O-O 6. Re1 Be6 7. Bf1 Nc6 8. a3
Bxc3 9. bxc3 Re8 10. Rb1 Rb8 11. h3 d5 12. exd5 Bxd5 13. d4 exd4 14. Nxd4 Qd7
15. Rxe8+ Rxe8 16. Nxc6 Bxc6 17. Qxd7 Nxd7 18. Bf4 Rc8 19. Bd3 Nc5 20. Bf5 Ne6
21. Rd1 Re8 22. Bxe6 Rxe6 23. Bxc7 h5 24. Bf4 Re2 25. Rd2 Rxd2 1/2-1/2

[Event "Druzynowe Mistrzostwa Polski - Ekstraliga 2023"]
[Site "Lublin"]
[Date "1899-12-30"]
[Round "1.17"]
[White "Janik, Igor"]
[Black "Jakubowski, Krzysztof"]
[Result "1/2-1/2"]
[WhiteTitle "GM"]
[BlackTitle "GM"]
[WhiteElo "2517"]
[BlackElo "2469"]

1. Nf3 d5 2. g3 Nf6 3. Bg2 g6 4. O-O Bg7 5. d4 O-O 6. c4 c6 7. a4 Bf5 8. Qb3 Qb6
9. Qa3 dxc4 10. Nbd2 Qa6 11. Re1 Nbd7 12. e4 Bg4 13. Bf1 b5 14. h3 Bxf3 15. Nxf3
Qxa4 16. Qxa4 bxa4 17. Rxa4 Nb6 18. Ra5 Rfc8 19. Bd2 Nfd7 20. Be3 Rc7 21. Rc1
Rb7 22. Rc2 e6 23. Bc1 Bf8 24. Bxc4 Nxc4 25. Rxc4 Rc8 26. Be3 Nf6 27. e5 Nd5 28.
Bc1 Bb4 29. Ra6 c5 30. Bh6 Rbc7 31. Kg2 cxd4 32. Rxc7 Rxc7 33. Nxd4 Bf8 34. Bxf8
Kxf8 35. Nb5 Rc2 36. b3 Nc7 37. Nxc7 1/2-1/2

[Event "Druzynowe Mistrzostwa Polski - Ekstraliga 2023"]
[Site "Lublin"]
[Date "1899-12-30"]
[Round "1.18"]
[White "Wagner, Dinara"]
[Black "Socko, Monika"]
[Result "1-0"]
[WhiteTitle "WGM"]
[BlackTitle "GM"]
[WhiteElo "2468"]
[BlackElo "2392"]

1. d4 Nf6 2. c4 e6 3. Nc3 Bb4 4. e3 O-O 5. Bd3 d5 6. a3 Bxc3+ 7. bxc3 dxc4 8. Bxc4
c5 9. Ne2 b6 10. O-O Ba6 11. Bxa6 Nxa6 12. Qd3 Nb8 13. e4 Nc6 14. Rd1 e5 15. d5
Na5 16. c4 b5 17. cxb5 c4 18. Qc2 Nb3 19. Rb1 Rc8 20. Bb2 Re8 21. Bc3 Nc5 22.
Ng3 h5 23. Re1 Nd3 24. Re3 Ng4 25. Rf3 g6 26. h3 Nf6 27. Bd2 h4 28. Bg5 hxg3 29.
Rxf6 gxf2+ 30. Kh2 Qa5 31. Bh4 Kg7 32. Rf3 Ne1 33. Bf6+ Kg8 34. Qxf2 Nxf3+ 35.
gxf3 g5 36. Qe3 Red8 37. Qxg5+ Kf8 38. Qg7+ Ke8 39. Qg8+ 1-0

[Event "Druzynowe Mistrzostwa Polski - Ekstraliga 2023"]
[Site "Lublin"]
[Date "1899-12-30"]
[Round "1.19"]
[White "Nguyen, Thai Dai Van"]
[Black "Sargissian, Gabriel"]
[Result "1/2-1/2"]
[WhiteTitle "GM"]
[BlackTitle "GM"]
[WhiteElo "2606"]
[BlackElo "2692"]

1. c4 e6 2. Nc3 d5 3. d4 Nf6 4. cxd5 exd5 5. Bg5 c6 6. e3 h6 7. Bh4 Be7 8. Bd3
O-O 9. Qc2 Re8 10. Nge2 Nbd7 11. O-O Nh5 12. Bxe7 Qxe7 13. Rab1 Nb6 14. b4 a6
15. a4 Bd7 16. a5 Nc8 17. Na4 Nd6 18. Nc5 Rad8 19. Rbe1 g6 20. Nc1 Qg5 21. N1b3
Bc8 22. Kh1 Ng7 23. Nd2 Bf5 24. Nf3 Bxd3 25. Qxd3 Qf5 26. Qb3 Kh7 27. Ne5 f6 28.
Nf3 Re7 29. Nd2 Rde8 30. Qb1 1/2-1/2

[Event "Druzynowe Mistrzostwa Polski - Ekstraliga 2023"]
[Site "Lublin"]
[Date "1899-12-30"]
[Round "1.20"]
[White "Tomczak, Jacek"]
[Black "Svane, Rasmus"]
[Result "0-1"]
[WhiteTitle "GM"]
[BlackTitle "GM"]
[WhiteElo "2591"]
[BlackElo "2641"]

1. c4 Nf6 2. Nc3 e5 3. Nf3 Nc6 4. d3 d5 5. cxd5 Nxd5 6. e4 Nf6 7. h3 Bc5 8. Be3
Bb6 9. Be2 O-O 10. O-O Qd6 11. Rc1 Bd7 12. Nd2 Be6 13. a3 h6 14. Qa4 a6 15. Qc2
Nd4 16. Bxd4 Bxd4 17. Na4 c5 18. Nc3 b5 19. Nf3 Rab8 20. Nb1 b4 21. a4 b3 22.
Qd2 Rb4 23. a5 Rfb8 24. Na3 Ra4 25. Nxd4 Qxd4 26. Nb1 Rbb4 27. Nc3 Rxa5 28. Bf3
Qd8 29. Rfd1 Rd4 30. Ne2 Rd6 31. Qc3 Nd7 32. Ra1 Rb5 33. Ra4 f6 34. Bg4 Bf7 35.
Rda1 Nb8 36. Nc1 Rd4 37. Bd1 Qb6 38. Ne2 Rxa4 39. Rxa4 Nc6 40. Qc1 Ra5 41. Nc3
Nb4 42. Qa1 Rxa4 43. Qxa4 Nxd3 44. Bh5 Bxh5 45. Qc4+ Bf7 46. Qxd3 Be6 47. Qe3
Qd6 48. Na4 c4 49. Qa7 Kh7 50. Kh2 f5 51. Nc3 fxe4 52. Nxe4 Qc6 53. Nc3 Qd6 54.
Ne4 Qf8 55. Kg1 Bf5 56. Nc3 Qd6 57. Qf7 Bd3 58. Qb7 Qd4 59. Nd5 Qxb2 60. Qf7 Qc1+
61. Kh2 Qg5 62. f4 exf4 63. Ne7 Qxe7 0-1

[Event "Druzynowe Mistrzostwa Polski - Ekstraliga 2023"]
[Site "Lublin"]
[Date "1899-12-30"]
[Round "1.21"]
[White "Berkes, Ferenc"]
[Black "Laurusas, Tomas"]
[Result "1/2-1/2"]
[WhiteTitle "GM"]
[BlackTitle "GM"]
[WhiteElo "2622"]
[BlackElo "2550"]

1. d4 d5 2. c4 c6 3. Nc3 Nf6 4. e3 g6 5. Nf3 Bg7 6. Be2 O-O 7. O-O a6 8. a4 a5
9. cxd5 cxd5 10. b3 Nc6 11. Ba3 Re8 12. Rc1 Bf8 13. Ne5 e6 14. Bxf8 Rxf8 15. f4
Bd7 16. Bd3 Nb4 17. Bb1 Ne8 18. Qg4 Nd6 19. h4 f5 20. Qg3 Kh8 21. Qg5 Nf7 22.
Qxd8 Raxd8 23. Nd3 Nxd3 24. Bxd3 Nd6 25. Kf2 Rc8 26. Ke2 Kg7 27. Kd2 Kf6 28. g3
h5 29. Rc2 Ke5 1/2-1/2

[Event "Druzynowe Mistrzostwa Polski - Ekstraliga 2023"]
[Site "Lublin"]
[Date "1899-12-30"]
[Round "1.22"]
[White "Warakomski, Tomasz"]
[Black "Dardha, Daniel"]
[Result "1-0"]
[WhiteTitle "GM"]
[BlackTitle "GM"]
[WhiteElo "2533"]
[BlackElo "2586"]

1. e4 c6 2. d4 d5 3. exd5 cxd5 4. Bd3 Nc6 5. c3 Nf6 6. h3 g6 7. Nf3 Bf5 8. Bxf5
gxf5 9. Ne5 e6 10. Bf4 Nxe5 11. Bxe5 Bd6 12. Qa4+ Kf8 13. Nd2 Rg8 14. g4 fxg4
15. O-O-O a6 16. hxg4 b5 17. Qc2 Bxe5 18. dxe5 Nxg4 19. Nf3 Nxe5 20. Nxe5 Qg5+
21. Kb1 Qxe5 22. Qxh7 Ke7 23. Rhe1 Qg5 24. Ka1 Rg6 25. Qh2 Kd7 26. f4 Qg3 27.
Qh5 Qxf4 28. Rxd5+ Ke7 29. Qd1 Ra7 30. Rd4 Qg3 31. Rd3 Qf2 32. Rf1 Qc5 33. Qf3
Ke8 34. Qh1 Qg5 35. Rfd1 Rg8 36. a3 Rc7 37. Qa8+ Ke7 38. Qe4 a5 39. Rd5 Qg2 40.
Qh4+ f6 41. Rxb5 Qg4 42. Qh7+ Qg7 43. Qd3 Qg3 44. Qd4 Kf7 45. Rxa5 Qf3 46. Re1
e5 47. Qh4 Rg3 48. Ra6 Rg6 49. Qh7+ Rg7 50. Qb1 Qd5 51. Qf5 Rg6 52. Rf1 Qd8 53.
Qxe5 Qd1+ 54. Ka2 1-0

[Event "Druzynowe Mistrzostwa Polski - Ekstraliga 2023"]
[Site "Lublin"]
[Date "1899-12-30"]
[Round "1.23"]
[White "Pultinevicius, Paulius"]
[Black "Kantans, Toms"]
[Result "1-0"]
[WhiteTitle "GM"]
[BlackTitle "GM"]
[WhiteElo "2572"]
[BlackElo "2487"]

1. d4 Nf6 2. c4 e6 3. Nf3 Bb4+ 4. Nbd2 c5 5. a3 Bxd2+ 6. Qxd2 cxd4 7. Qxd4 Nc6
8. Qh4 d5 9. e3 O-O 10. cxd5 Nxd5 11. Qg3 e5 12. Nxe5 Nxe5 13. Qxe5 Re8 14. Qh5
Nf4 15. Qf3 Qd6 16. Bd2 Bf5 17. Bc3 Rad8 18. Bb5 Nd3+ 19. Kf1 Be4 20. Qg4 Re5
21. f4 Nxf4 22. Kf2 h5 23. Qg3 h4 24. Qg4 Qc5 25. Rhd1 Rxd1 26. Rxd1 Ne6 27. Bxe5
Qxe5 28. Bc4 Qxb2+ 29. Kg1 Bc2 30. Qe2 Qc3 31. Rc1 1-0

[Event "Druzynowe Mistrzostwa Polski - Ekstraliga 2023"]
[Site "Lublin"]
[Date "1899-12-30"]
[Round "1.24"]
[White "Antolak, Julia"]
[Black "Buksa, Nataliya"]
[Result "1/2-1/2"]
[WhiteTitle "WGM"]
[BlackTitle "IM"]
[WhiteElo "2299"]
[BlackElo "2352"]

1. d4 Nf6 2. c4 e6 3. Nc3 d5 4. cxd5 exd5 5. Bg5 Be7 6. e3 O-O 7. Bd3 c6 8. h3
Nbd7 9. Qc2 Re8 10. Nf3 Nf8 11. Bf4 Bd6 12. Bxd6 Qxd6 13. O-O Ng6 14. a3 Bd7 15.
Rfe1 Re7 16. b4 Rae8 17. b5 Ne4 18. bxc6 bxc6 19. Nd2 f5 20. Bf1 Nh4 21. Ne2 Qh6
22. Nf4 Qg5 23. Nxe4 Nf3+ 24. Kh1 Nxe1 25. Nxg5 Nxc2 26. Ra2 Ne1 27. Re2 h6 28.
Ng6 hxg5 29. Nxe7+ Rxe7 30. Rxe1 f4 31. Bd3 Kf7 32. Kg1 Kf6 33. e4 dxe4 34. Bxe4
Bf5 35. f3 Rd7 36. Bxf5 Kxf5 37. Re5+ Kg6 38. Re6+ Kh5 39. Rxc6 Rxd4 40. Ra6 Rd7
1/2-1/2

[Event "Druzynowe Mistrzostwa Polski - Ekstraliga 2023"]
[Site "Lublin"]
[Date "1899-12-30"]
[Round "1.25"]
[White "Pechac, Jergus"]
[Black "Harikrishna, Pentala"]
[Result "1/2-1/2"]
[WhiteTitle "GM"]
[BlackTitle "GM"]
[WhiteElo "2598"]
[BlackElo "2711"]

1. Nf3 Nf6 2. c4 e6 3. g3 d5 4. Bg2 Be7 5. O-O O-O 6. b3 b6 7. Nc3 Bb7 8. d4 Nbd7
9. Bb2 c5 10. Ne1 Rc8 11. cxd5 Nxd5 12. Nxd5 Bxd5 13. Bxd5 exd5 14. dxc5 Nxc5
15. Rc1 Qd7 16. Nd3 1/2-1/2